000 00627nam a2200229Ia 4500
003 OSt
005 20220928120931.0
006 a|||||r|||| 00| 0
007 ta
008 220927b |||||||| |||| 00| 0 eng d
024 _a64795
037 _cTextual
040 _aSDCL
_cSDCL
_beng
041 _2eng
_aeng
082 _aX:51:f, L2
100 _aWentz Walter B.
_9451402
245 0 _aMarketing research
_b Management and methods
260 _aNew York
_b Harper & Row Publishers
_c1972
300 _axii,590p.
_ccm.
942 _hX:51:f, L2
_cTEXL
_2CC
999 _c765468
_d765468